000
00192 a2200097 4500
001
2640
100
_a
Lithgow, M.
245
_a
Mach one
260
_a
_b
Allan winjate
_c
090
_c
1936
_d
1936
942
_a
NUST-CAE
_c
M
_c
10402
999
_c
237713
_d
237713